000 00739nmc a2200265 a 4500
003 AR-BaBNM
005 20251128203535.0
008 026119s1965 ||||||||||||||000 | spa||
040 _cAR-BaBNM
100 1 _aSciacca, Giuseppe María
245 1 0 _aEl niño y el folklore
250 _a1ª ed.
260 _aBuenos Aires
_bEudeba
_c1965
300 0 _a222 p.
_bláms.
490 0 _aLa escuela en el tiempo. Temas: Pedagogía
500 0 _aIndice de nombres p. 217-219
650 4 _aFOLKLORE
650 4 _aEDUCACION CULTURAL
650 4 _aEDUCACION DEL NINO
650 4 _aCOSTUMBRES Y TRADICIONES
650 4 _aENSENANZA DE LAS CIENCIAS SOCIALES
700 1 _aNervi, Juan Ricardo
_etraductor
942 _cBK
998 _cCarmen
999 _c3856
_d3856